Welcome to CU Library Online Public Access Catalogue (OPAC)

Personal financial planning / (Record no. 8630)

MARC details
000 -LEADER
fixed length control field 00876cam a22002414a 4500
001 - CONTROL NUMBER
control field 14163848
005 - DATE AND TIME OF LATEST TRANSACTION
control field 20260122195120.0
008 - FIXED-LENGTH DATA ELEMENTS--GENERAL INFORMATION
fixed length control field 051102s2007 maua b 001 0 eng
020 ## - INTERNATIONAL STANDARD BOOK NUMBER
International Standard Book Number 0072536403
Qualifying information alk. paper
020 ## - INTERNATIONAL STANDARD BOOK NUMBER
International Standard Book Number 9780072536409
050 00 - LIBRARY OF CONGRESS CALL NUMBER
Classification number HG179
Item number .A4484 2007
082 00 - DEWEY DECIMAL CLASSIFICATION NUMBER
Classification number 332.024
Edition information 22
100 1# - MAIN ENTRY--PERSONAL NAME
Personal name Altfest, Lewis J.
245 10 - TITLE STATEMENT
Title Personal financial planning /
Statement of responsibility, etc. Lewis J. Altfest.
260 ## - PUBLICATION, DISTRIBUTION, ETC.
Place of publication, distribution, etc. Boston :
Name of publisher, distributor, etc. McGraw-Hill Irwin,
Date of publication, distribution, etc. c2007.
300 ## - PHYSICAL DESCRIPTION
Extent xxiv, 624 p. :
Other physical details ill. ;
Dimensions 27 cm.
440 #4 - SERIES STATEMENT/ADDED ENTRY--TITLE
Title The McGraw-Hill/Irwin series in finance, insurance, and real estate
650 #0 - SUBJECT ADDED ENTRY--TOPICAL TERM
Topical term or geographic name entry element Finance, Personal.
650 #0 - SUBJECT ADDED ENTRY--TOPICAL TERM
Topical term or geographic name entry element Financial planners.
856 42 - ELECTRONIC LOCATION AND ACCESS
Materials specified Publisher description
Uniform Resource Identifier <a href="http://www.loc.gov/catdir/enhancements/fy0626/2005056228-d.html">http://www.loc.gov/catdir/enhancements/fy0626/2005056228-d.html</a>
856 41 - ELECTRONIC LOCATION AND ACCESS
Materials specified Table of contents only
Uniform Resource Identifier <a href="http://www.loc.gov/catdir/enhancements/fy0626/2005056228-t.html">http://www.loc.gov/catdir/enhancements/fy0626/2005056228-t.html</a>
942 ## - ADDED ENTRY ELEMENTS (KOHA)
Source of classification or shelving scheme Library of Congress Classification
Koha item type Books
Suppress in OPAC No
999 ## -
-- 8630
-- 8630
Holdings
Withdrawn status Lost status Source of classification or shelving scheme Damaged status Not for loan Collection Home library Current library Shelving location Date acquired Total checkouts Full call number Barcode Date last seen Copy number Price effective from Koha item type
    Library of Congress Classification     Non-fiction Business Library (Miotso) Business Library (Miotso) General stacks 01/22/2026   HG179 .A4484 2007 BSSM00002339 01/22/2026 1 01/22/2026 Books
© 2023-2024 Copyright: Central University Libraries. All Rights Reserved | Created by: Mahone Tech Office